soccer practice - lizzy mcalpine - Statistics

General Stats
  • This quiz has been taken 8 times
  • The average score is 155 of 218
Answer Stats
% Correct
i
100%
I
100%
know
100%
practice
100%
soccer
100%
uoy
100%
wonk
100%
lyrics: you
100%
be
83%
body
83%
dah
83%
do
83%
eb
83%
reverse: em
83%
ew
83%
had
83%
let
83%
me
83%
m'i
83%
no
83%
not
83%
on
83%
saw
83%
the
83%
then
83%
up
83%
was
83%
we
83%
when
83%
again
67%
all
67%
always
67%
and
67%
at
67%
can't
67%
could've
67%
dluow
67%
done
67%
enod
67%
eurt
67%
ev'dluoc
67%
from
67%
get
67%
here
67%
i'm
67%
in
67%
it
67%
kids
67%
line
67%
lliw
67%
my
67%
need
67%
neht
67%
nehw
67%
neth
67%
never
67%
niaga
67%
ohw
67%
ot
67%
over
67%
pick
67%
rekaew
67%
reven
67%
revo
67%
say
67%
siht
67%
sleep
67%
sober
67%
sure
67%
taht
67%
that
67%
this
67%
ti
67%
to
67%
true
67%
weaker
67%
who
67%
will
67%
won't
67%
would
67%
yas
67%
you're
67%
about
50%
but
50%
down
50%
ekam
50%
else
50%
enoemos
50%
etah
50%
fall
50%
finally
50%
for
50%
gnitiaw
50%
grocery
50%
hate
50%
hsiw
50%
is
50%
its
50%
make
50%
one
50%
out
50%
rof
50%
si
50%
sing
50%
someone
50%
something
50%
s'ti
50%
still
50%
store
50%
them
50%
tub
50%
wait
50%
waiting
50%
watching
50%
what
50%
wish
50%
yllanif
50%
(mm)
33%
No matching quizzes found
Score Distribution
Percent of People with Each Score
Percentile by Number Answered
Your Score History
You have not taken this quiz